000 00456nam a2200193Ia 4500
005 20230705095023.0
008 131103s9999 xx 000 0 und d
020 _cRs.60
040 _aLoreto College
041 _aEnglish
082 _aF
_bELI
100 _aEliade,Mircea
245 _aBengal Nights
_cMircea Eliade
260 _aNew Delhi
_bRupa & Co.
_c1993
300 _a176 p.
650 _aFiction in English
850 _aLCLIB
942 _cBK
999 _c16009
_d66488